East West Street : (Record no. 592452)

000 -LEADER
fixed length control field 00387nam a22001337a 4500
020 ## - INTERNATIONAL STANDARD BOOK NUMBER
International Standard Book Number 9781474601917
082 ## - DEWEY DECIMAL CLASSIFICATION NUMBER
Classification number 345.0251
Author Mark SAN
100 ## - MAIN ENTRY--PERSONAL NAME
Personal name Sands, Philippe
245 ## - TITLE STATEMENT
Title East West Street :
Remainder of title On the Origins of "Genocide" and "Crimes Against Humanity" /
Statement of responsibility, etc. Philippe Sands
260 ## - PUBLICATION, DISTRIBUTION, ETC.
Place of publication, distribution, etc. London :
Name of publisher, distributor, etc. W&N,
Date of publication, distribution, etc. 2016.
300 ## - PHYSICAL DESCRIPTION
Extent 464 p. ;
Dimensions 20 cm.
563 ## - BINDING INFORMATION
Binding note PBK.
942 ## - ADDED ENTRY ELEMENTS (KOHA)
Source of classification or shelving scheme
Koha item type Book
Holdings
Withdrawn status Lost status Source of classification or shelving scheme Damaged status Not for loan Permanent Location Current Location Shelving location Date acquired Source of acquisition Total Checkouts Total Renewals Full call number Barcode Checked out Date last seen Date last checked out Price effective from Koha item type
          NUST Law School (NLS) NUST Law School (NLS) Law 11/20/2022 Allied Book Comapny 4 6 345.0251 SAN CL-1257 07/03/2025 06/03/2025 06/03/2025 11/20/2022 Book
© 2023 Central Library, National University of Sciences and Technology. All Rights Reserved.